| 000 | 00740cam a22002413a 4500 | ||
|---|---|---|---|
| 001 | 31309 | ||
| 003 | PGUSA | ||
| 005 | 20140828083658.0 | ||
| 008 | 100217s2010||||xxu|||||s|||||000 1 eng d | ||
| 040 |
_aPGUSA _beng |
||
| 042 | _adc | ||
| 050 | 4 | _aPZ | |
| 100 | 1 |
_aRhoden, Emmy von, _d1832-1885 |
|
| 245 | 1 | 0 |
_aDer Trotzkopf : _bEine Pensionsgeschichte für erwachsene Mädchen _h[electronic resource] / _cEmmy von Rhoden |
| 260 |
_bProject Gutenberg, _c2010 |
||
| 506 | _aPublic domain in the USA. | ||
| 516 | _aElectronic text | ||
| 653 | _aGirls -- Juvenile fiction | ||
| 653 | _aMiddle class -- Germany -- Juvenile fiction | ||
| 830 | 0 |
_aProject Gutenberg _v31309 |
|
| 856 | 4 | 0 | _uhttp://www.gutenberg.org/ebooks/31309 |
| 942 | _cEB | ||
| 999 |
_c260564 _d260564 |
||